| 000 | 00825 a2200217 4500 | ||
|---|---|---|---|
| 005 | 20080829130111.0 | ||
| 008 | 080829t xxu||||| |||| 00| 0 eng d | ||
| 010 | _aENG-87428 | ||
| 020 |
_a8178271664 _c750.00 |
||
| 035 | _aEN-70961 | ||
| 037 | _bDBAD / PUB | ||
| 082 | _a331.110954 | ||
| 245 | _aManpower Profile India year book 2005 | ||
| 250 | _a13th ed. | ||
| 260 |
_aNew Delhi _bManak Publication _c2006 |
||
| 270 |
_aInstitute of Applied Manpower Research, Narela, Delhi _bNew Delhi _e110 040 |
||
| 300 |
_axxi, 354 p. _c24 cm (Pbk.) |
||
| 500 | _aincludes glossary and index | ||
| 942 |
_adpl _cEN _k331.110954/MAN _2ddc _h331.110954 _mMAN |
||
| 999 |
_c6533 _d6533 |
||